| 000 | 00445nam a22001817a 4500 | ||
|---|---|---|---|
| 003 | MPLRDC | ||
| 005 | 20220104164106.0 | ||
| 008 | 210129b ||||| |||| 00| 0 eng d | ||
| 020 | _a0-7858-0149-9 | ||
| 082 | _a435.49 WES | ||
| 100 | _aPAMELA WESTLAND AND MARJIE LAMBERT | ||
| 245 |
_aGLORIOUS FLOWERCRAFT _c |
||
| 250 | _aREPRINTED | ||
| 260 |
_a _bCHARTWELL BOOKS _c1996 |
||
| 300 | _b176 | ||
| 650 | _a插花 | ||
| 942 |
_cBK _o435.49 WES |
||
| 999 |
_c56789 _d56779 |
||